| 000 | 00510nam a22001697a 4500 | ||
|---|---|---|---|
| 999 |
_c192706 _d192706 |
||
| 010 | _aENG-135168 | ||
| 020 |
_a9788184502855 _c1800.00 |
||
| 035 | _aEN-118700 | ||
| 037 | _bDBAD/PUB | ||
| 082 | _a327.5491054 | ||
| 100 | _aBindra,S.S. | ||
| 245 |
_aDynamics of Pakistan's Foreign Policy/ _cby S.S.Bindra |
||
| 260 |
_aNew Delhi _bDeep & Deep Publications _c2011 |
||
| 270 |
_aF-159,Rajouri garden, _bNew Delhi _e110027 |
||
| 300 |
_a500p. _c22cm(Hb) |
||
| 942 |
_2ddc _cEN _h327.5491054 _mBIN |
||